Southeast Asia economies toward 1980s
Zapisane w:
| 1. autor: | |
|---|---|
| Format: | Książka |
| Język: | Undetermined |
| Wydane: |
Tokyo
International Developing Economic
1976
|
| Hasła przedmiotowe: | |
| Etykiety: |
Dodaj etykietę
Nie ma etykietki, Dołącz pierwszą etykiete!
|
| Thư viện lưu trữ: | Trung tâm Học liệu Trường Đại học Cần Thơ |
|---|
| LEADER | 00529nam a2200193Ia 4500 | ||
|---|---|---|---|
| 001 | CTU_89235 | ||
| 008 | 210402s9999 xx 000 0 und d | ||
| 082 | |a 330 | ||
| 082 | |b Y21 | ||
| 100 | |a Yanagisawa, Masaichi | ||
| 245 | 0 | |a Southeast Asia economies toward 1980s | |
| 245 | 0 | |c Masaichi Yanagisawa | |
| 260 | |a Tokyo | ||
| 260 | |b International Developing Economic | ||
| 260 | |c 1976 | ||
| 650 | |a Economic | ||
| 650 | |z Asia, southeastern | ||
| 904 | |i Bằng | ||
| 980 | |a Trung tâm Học liệu Trường Đại học Cần Thơ | ||